| 000 | 00731pam a22002171i 4500 | ||
|---|---|---|---|
| 001 | eld020323190 | ||
| 003 | Uk | ||
| 005 | 20230301163249.0 | ||
| 008 | 210701s2021 enk o 000|f|eng|d | ||
| 020 | _a9780751584547 | ||
| 020 | _a978-0-7515-8453-0 | ||
| 082 | 0 | 4 | _a813.54 |
| 100 | 1 |
_aAlbom, Mitch, _d1958- _eauthor. |
|
| 245 | 1 | 4 |
_aThe stranger in the lifeboat / _cMitch Albom. |
| 264 | 1 |
_aLondon : _bSphere, _c2021. |
|
| 300 |
_a271 p. _f23 cm. |
||
| 650 | 7 |
_aReligious & spiritual fiction. _2bicssc. |
|
| 942 |
_2ddc _cMAIN |
||
| 956 | 4 | 2 |
_uhttp://library.catalogue.tcd.ie/acquire?eld020323190 _yReader Recommendation: ask the Library to purchase a print copy of this title |
| 999 |
_c8983 _d8984 |
||